|
|
|
|
| LEADER |
00000nam a22000007a 4500 |
| 005 |
20200422152729.0 |
| 007 |
cr|||| |||| |
| 008 |
200422s2019 es |||||s|||| 00||0 spa d |
| 020 |
|
|
|a 978-84-1324-454-9
|
| 035 |
|
|
|a 31409
|
| 040 |
|
|
|a vLex
|
| 090 |
|
|
|c 10324
|d 10324
|
| 100 |
1 |
|
|a Pardo Gonzl̀ez, Yolanda
|
| 245 |
1 |
3 |
|a Las mafias italianas
|h [Recurso electrn̤ico] :
|b Estudio criminolg̤ico y de los principales procesos judiciales: del maxiproceso de Palermo a la Mafia capitale romana /
|c Yolanda Pardo Gonzl̀ez
|
| 256 |
|
|
|a Servicio en ln̕ea
|
| 260 |
|
|
|a Madrid:
|b Dykinson,
|c 2019
|
| 300 |
|
|
|a 1 recurso electrn̤ico
|
| 506 |
1 |
|
|a Disponible solo en los productos indicados
|d vLex Global
|d vLex Global (Academic Edition, excluding Law Schools)
|d vLex Global (U.S. Academic Edition, Law Schools)
|d vLex Global (U.S. Academic Edition, excluding Law Schools)
|d vLex Global (Academic Edition, Law Schools)
|
| 650 |
0 |
4 |
|a Derecho Penal
|z Espaą
|
| 740 |
0 |
|
|a vLex Libros (Servicio en ln̕ea)
|
| 856 |
4 |
0 |
|u http://vlex.com/source/mafias-italianas-estudio-criminologico-principales-procesos-judiciales-maxiproceso-palermo-mafia-capitale-romana-31409
|z Acceso restringido
|
| 942 |
|
|
|c BOOK
|
| 999 |
0 |
|
|a Criminal law
|